Aspectos fundamentales de la química física
| Main Authors: | , |
|---|---|
| Format: | Section = Libro |
| Language: | Undetermined Spanish |
| Published: |
Cuba
Pueblo y Educación
1986
|
| Edition: | 2a.ed |
| Subjects: |
| LEADER | 00601nam a2200229Ia 4500 | ||
|---|---|---|---|
| 008 | 240830s9999 xx 000 0 und d | ||
| 040 | |a B-ESTELÍ- RUACS / 541.3 M433 | ||
| 041 | |a spa | ||
| 082 | |a 541.3 M433 | ||
| 100 | 1 | |a Matos Tamayo, Roger | |
| 100 | 1 | |b Hing Conton, Romería | |
| 245 | 1 | 0 | |a Aspectos fundamentales de la química física |
| 250 | |a 2a.ed | ||
| 260 | |a Cuba |b Pueblo y Educación |c 1986 | ||
| 300 | |a 343 p:il | ||
| 650 | 7 | |a FÍSICA | |
| 650 | 7 | |b QUÍMICA | |
| 650 | 7 | |c ELECTROQUÍMICA | |
| 650 | 7 | |d FUERZA ELECTROMOTRIZ | |
| 942 | |c BK |2 ddc | ||
| 991 | |a TEXTO | ||
| 999 | |c 11056 | ||